000
00269nam a2200109Ia 4500
008
220204s9999 xx 000 0 und d
082
_a
82-3
_b
SHA
100
_a
Shakespeare, William
245
0
_a
Twelfth night
260
_a
Kuala Lumpur
_b
Perusahaan Printek
942
_c
BK
999
_c
38643
_d
38643